Compte rendu de la ... Rencontre Assyriologique Internationale / 11 Organisée à Leiden du 23 au 29 juin 1962
| Format: | Print Book |
|---|---|
| Language: | German French English |
| Subito Delivery Service: | Order now. |
| Check availability: | HBZ Gateway |
| Interlibrary Loan: | Interlibrary Loan for the Fachinformationsdienste (Specialized Information Services in Germany) |
| Published: |
1964
|
| In: |
Compte rendu de la ... Rencontre Assyriologique Internationale = Papers of the ... Rencontre Assyriologique Internationale
Year: 1964 |
| Series/Journal: | Uitgaven van het Nederlands Instituut voor het Nabije Oosten te Leiden
2 |
MARC
| LEADER | 00000cam a22000002cc4500 | ||
|---|---|---|---|
| 001 | 1083841580 | ||
| 003 | DE-627 | ||
| 005 | 20251224220025.0 | ||
| 007 | tu | ||
| 008 | 880322s1964 xx ||||| 00| ||ger c | ||
| 035 | |a (DE-627)1083841580 | ||
| 035 | |a (DE-576)013841580 | ||
| 035 | |a (DE-599)BSZ013841580 | ||
| 040 | |a DE-627 |b ger |c DE-627 |e rakwb | ||
| 041 | |a ger |a fre |a eng | ||
| 082 | 0 | |a 930 | |
| 084 | |a 6,22 |a 1 |2 ssgn | ||
| 245 | 0 | 0 | |a Compte rendu de la ... Rencontre Assyriologique Internationale |n 11 |p Organisée à Leiden du 23 au 29 juin 1962 |
| 264 | 1 | |c 1964 | |
| 336 | |a Text |b txt |2 rdacontent | ||
| 337 | |a ohne Hilfsmittel zu benutzen |b n |2 rdamedia | ||
| 338 | |a Band |b nc |2 rdacarrier | ||
| 490 | 1 | |a Uitgaven van het Nederlands Instituut voor het Nabije Oosten te Leiden |v 2 | |
| 583 | 1 | |a Archivierung/Langzeitarchivierung gewährleistet |f SSG |x XA-DE-BW |2 pdager |5 DE-21 | |
| 601 | |a Internationale | ||
| 773 | 1 | 8 | |a Compte rendu de la ... Rencontre Assyriologique Internationale = Papers of the ... Rencontre Assyriologique Internationale |w (DE-627)12989592X |w (DE-576)015228428 |w (DE-600)306074-3 |g 11 |q 11 |7 nnas |
| 810 | 2 | |a Nederlands Instituut voor het Nabije Oosten |t Uitgaven van het Nederlands Instituut voor het Nabije Oosten te Leiden |v 2 |9 2 |w (DE-627)171300513 |w (DE-576)013841726 |w (DE-600)1175209-9 |x 0926-9568 |7 am | |
| 935 | |a mteo | ||
| 951 | |a MV | ||
| BIB | |a 1 | ||
| ELC | |b 1 | ||
| ITA | |a 1 |t 1 | ||
| LOK | |0 000 xxxxxcx a22 zn 4500 | ||
| LOK | |0 001 2671605218 | ||
| LOK | |0 003 DE-627 | ||
| LOK | |0 004 1083841580 | ||
| LOK | |0 005 20110913161025 | ||
| LOK | |0 008 110418||||||||||||||||ger||||||| | ||
| LOK | |0 040 |a DE-21 |c DE-627 |d DE-21 | ||
| LOK | |0 852 |a DE-21 | ||
| LOK | |0 852 1 |c Ci XXII 86-11 |9 00 | ||
| LOK | |0 935 |a dika |a tub3 |a alto | ||
| LOK | |0 936ln |a t16.3;t17.3 | ||
| LOK | |0 939 |a 18-04-11 |b l01 | ||
| LOK | |0 000 xxxxxcx a22 zn 4500 | ||
| LOK | |0 001 2104874270 | ||
| LOK | |0 003 DE-627 | ||
| LOK | |0 004 1083841580 | ||
| LOK | |0 005 20100408034111 | ||
| LOK | |0 008 000414||||||||||||||||ger||||||| | ||
| LOK | |0 040 |a DE-21-31 |c DE-627 |d DE-21-31 | ||
| LOK | |0 541 |e 80/78 (BAI) | ||
| LOK | |0 852 |a DE-21-31 | ||
| LOK | |0 852 1 |c Ce I 184-11 |m p |9 00 | ||
| LOK | |0 852 2 |b Magazin |9 00 | ||
| LOK | |0 938 |k p | ||
| LOK | |0 939 |a 14-04-00 |b l01 | ||
| LOK | |0 000 xxxxxcx a22 zn 4500 | ||
| LOK | |0 001 2104874289 | ||
| LOK | |0 003 DE-627 | ||
| LOK | |0 004 1083841580 | ||
| LOK | |0 005 20090217122949 | ||
| LOK | |0 008 040928||||||||||||||||ger||||||| | ||
| LOK | |0 040 |a DE-21-11 |c DE-627 |d DE-21-11 | ||
| LOK | |0 541 |e A67-1098 | ||
| LOK | |0 852 |a DE-21-11 | ||
| LOK | |0 852 1 |c AOR Sa AO Leide 2 |m p |9 00 | ||
| LOK | |0 935 |a k011 |a i011 |a aori | ||
| LOK | |0 938 |k p | ||
| LOK | |0 939 |a 28-09-04 |b l01 | ||
| ORI | |a SA-MARC-ixtheoa001.raw | ||
| REL | |a 1 | ||
| SUB | |a BIB |a REL | ||



